Fullmetal alchemist. #21 / story and art by Hiromu ... Read More
Available copies
- 1 of 1 copy available at LARL/NWRL Consortium.
- 1 of 1 copy available at Northwest Regional Library. (Show preferred library)
Current holds
0 current holds with 1 total copy.
Show Only Available Copies
| Location | Call Number / Copy Notes | Barcode | Shelving Location | Status | Due Date |
|---|---|---|---|---|---|
| Thief River Falls Public Library | ya ARA (Text) | 35500004668131 | Main | Available | - |
Record details
- ISBN: 9781421532325 (pbk.)
- ISBN: 1421532328 (pbk.)
- Physical Description: 176 p. : ill. ; 19 cm.
- Edition: VIZ Media ed.
- Publisher: San Francisco, Calif. : Viz Media ; 2009.
Content descriptions
| General Note: | "This book reads from right to left"--p. [4] of cover. First published in Japan in 2009 by Square Enix Co., Ltd. |
| Summary, etc.: | "In an alchemical ritual gone wrong, Edward Elric ... Read More |
| Target Audience Note: | "Rated T for Teen." |
| Language Note: | Translated from the Japanese. |
Search for related items by subject
| Subject: | Brothers > Comic books, strips, etc. Alchemists > Comic books, strips, etc. Alchemy > Comic books, strips, etc. |
| Genre: | Fantasy comic books, strips, etc. Graphic novels. Young adult fiction. |
Search for related items by series
| LDR | 02678cam a22004818a 4500 | ||
|---|---|---|---|
| 001 | 111197 | ||
| 003 | LARL_NWRL_CONSORTIUM | ||
| 005 | 20091130113649.0 | ||
| 008 | 090902s2009 caua j 6 000 1 eng d | ||
| 015 | . | ‡aGBA992778 ‡2bnb | |
| 016 | 7 | . | ‡a015376351 ‡2Uk |
| 020 | . | ‡a9781421532325 (pbk.) | |
| 020 | . | ‡a1421532328 (pbk.) | |
| 035 | . | ‡a(OCoLC)972146860 ‡z(OCoLC)440121559 | |
| 041 | 1 | . | ‡aeng ‡hjpn |
| 082 | 0 | 4. | ‡a741.5952 ‡222 |
| 100 | 1 | . | ‡aArakawa, Hiromu, ‡d1973- ‡0(LARL_NWRL_CONSORTIUM)220512 |
| 245 | 1 | 0. | ‡aFullmetal alchemist. ‡n#21 / ‡cstory and art by Hiromu Arakawa ; translation, Akira Watanbe ; English adaptation, Jake Forbes. |
| 246 | 3 | . | ‡aFull metal alchemist. ‡nVol. 21 |
| 250 | . | ‡aVIZ Media ed. | |
| 260 | . | ‡aSan Francisco, Calif. : ‡bViz Media ; ‡aLondon : ‡bSimon & Schuster [distributor], ‡c2009. | |
| 300 | . | ‡a176 p. : ‡bill. ; ‡c19 cm. | |
| 490 | 0 | . | ‡aFullmetal alchemist; ‡v#21 |
| 546 | . | ‡aTranslated from the Japanese. | |
| 500 | . | ‡a"This book reads from right to left"--p. [4] of cover. | |
| 521 | 8 | . | ‡a"Rated T for Teen." |
| 500 | . | ‡aFirst published in Japan in 2009 by Square Enix Co., Ltd. | |
| 520 | . | ‡a"In an alchemical ritual gone wrong, Edward Elric lost his arm and his leg, and his brother Alphonse became nothing but a soul in a suit of armor. Equipped with mechanical 'auto-mail' limbs, Edward becomes a state alchemist, seeking the one thing that can restore his and his brother's bodies...the legendary Philosopher's Stone.A diabolical trap is set for President Bradley... If he is assassinated, a power vacuum will open that Mustang and his allies will be more than happy to fill. Then, while Ed is reunited from someone from his past, Al is separated from his body--his proxy armor body! Now who is filling his heavy metal shoes...? Plus, take a break from all the alchemical intrigue and homonculus backstabbing at the annual Resembool Spring Sheep Festival!" | |
| 650 | 0. | ‡aBrothers ‡vComic books, strips, etc. | |
| 650 | 0. | ‡aAlchemists ‡vComic books, strips, etc. | |
| 650 | 0. | ‡aAlchemy ‡vComic books, strips, etc. | |
| 655 | 0. | ‡aFantasy comic books, strips, etc. | |
| 655 | 0. | ‡aGraphic novels. | |
| 655 | 0. | ‡aYoung adult fiction. | |
| 700 | 1 | . | ‡aWatanbe, Akira. |
| 700 | 1 | . | ‡aForbes, Jake. ‡0(LARL_NWRL_CONSORTIUM)190840 |
| 901 | . | ‡a111197 ‡bOCLC ‡c111197 ‡tbiblio | |

Add to basket
Permalink
Disable Highlighting